zpět

Detail výsledku týmu

Tipgames Bar, Bruntál

Datum a čas kvízu

29 Celkem bodů Celkový počet nahraných bodů na tomto kvízu bez doplňovacích otázek.
7. Pořadí na kvízu Konečné umístění týmu na tomto kvízu.

Zaznamenané odpovědi

# Otázka Odpověď Body Výsledky
1. Ministr kultury Ota Klempíř ro... každou první neděli v měsíci 0
2. Minulou středu odstartovala z... A 1
3. Která česká zpěvačka a herečka... Marta Jandová 1
4. Vláda kterého evropského státu... Polska 0
5. „Všichni už jsou v Mexiku, Bue... 3:1 0
6. Vítězné téma facebookového hla... 1B 2D 3C 4A 0
7. Ve Formuli 1 můžeme občas zazn... A 1
8. Nejvíce velkých cen, k sezóně... A 1
9. Tato stáj působila ve Formuli... Brawn GP 0
10. Ve kterém státě se nachází záv... v Mexiku 0